000 01054nam a2200277Ia 4500
003 OSt
005 20200909181829.0
008 191128s1967 ag gr 000 0 spa d
040 _aCO-JMCR
_cCO-JMCR
041 1 _aspa
_hita
082 0 4 _a364.133 /
_bG367e
_223
100 1 _aGiorgetti, Armando,
_eautor
_910070
245 1 3 _aLa evasión tributaria /
_cArmando Giorgetti ; traducción de Antonio Scarano
250 _aSegunda edición
260 _aBuenos Aires :
_bEdiciones Depalma,
_c1967
300 _a425 páginas ;
_c23 cm.
500 _aIncluye notas a pie de página.
504 _aBibliografía: páginas 421-425
505 0 _aCaracterísticas particulares de la evasión tributaria y los problemas conexos con el fenómeno -- La carga tributaria y la evasión en la historia y en el derecho de la antigüedad
534 _pL´evasione tributaria
546 _aTraducido del Italiano
650 1 4 _aImpuestos
_910071
650 1 4 _aEvasión de impuestos
_910072
700 _aScarano, Antonio,
_etraductor
_910073
942 _2ddc
_cBK
999 _c5951
_d5951